[Event "32nd Bratto Masters"]
[Site "Bratto ITA"]
[Date "2012.08.24"]
[Round "7.2"]
[White "Burmakin,V"]
[Black "David,Alb"]
[Result "1/2-1/2"]
[WhiteElo "2608"]
[BlackElo "2595"]

1.Nf3 d5 2.c4 e6 3.g3 Nf6 4.Bg2 dxc4 5.Na3 Bxa3 6.bxa3 Nc6 7.Bb2 Qd6 8.Qc2 e5
9.Qxc4 Be6 10.Qc2 Bd5 11.O-O O-O 12.Rfc1 Rad8 13.d3 Rfe8 14.e4 Be6 15.Ne1 Nd7
16.Bc3 Qxa3 17.f4 f6 18.Nf3 Qd6 19.Qb2 Nc5 20.fxe5 fxe5 21.Nxe5 Na4 22.Qc2 Qc5+
23.Kh1 Qxc3 24.Qxc3 Nxc3 25.Nxc6 Rxd3 26.Nb4 Rd4 27.Rxc3 Rxb4 28.Rxc7 Bxa2
29.Rxa2 Rb1+ 30.Bf1 Rxf1+ 31.Kg2 Rf7 32.Rxf7 Kxf7 33.Rxa7  1/2-1/2

[Event "III Sarkany-Aranytiz GM"]
[Site "Budapest HUN"]
[Date "2012.08.24"]
[Round "7.3"]
[White "Berczes,D"]
[Black "Kislik,E"]
[Result "1/2-1/2"]
[WhiteElo "2530"]
[BlackElo "2409"]

1.Nf3 d5 2.c4 c6 3.e3 Nf6 4.Nc3 e6 5.b3 Nbd7 6.Qc2 Bd6 7.Bb2 a6 8.d4 O-O
9.Be2 b5 10.O-O Bb7 11.e4 dxe4 12.Nxe4 Nxe4 13.Qxe4 Rb8 14.c5 Nf6 15.Qh4 Be7
16.Bd3 h6 17.Bc1 Nd5 18.Qg3 Qc7 19.Ne5 f5 20.Bxh6 Bf6 21.Bg5 Bxe5 22.dxe5 a5
23.Rfe1 Ba6 24.Qh3 Ra8 25.Rad1 Qa7 26.Rc1 Qf7 27.g4 b4 28.Bc2 Nc3 29.Rcd1 Nxd1
30.Rxd1 Be2 31.Rd4 Qa7 32.gxf5 Qxc5 33.Rh4 Qxc2 34.Rh8+ Kf7 35.fxe6+ Kg6
36.Qh7+ Kxg5 37.h4+ Kg4 38.Qxc2 Rxh8 39.Qe4+ Kh5 40.Qxe2+ Kxh4 41.Qe4+ Kh5
42.Qf5+ Kh6 43.f4 g6 44.Qg5+ Kh7 45.Qe7+ Kh6 46.Qh4+ Kg7 47.Qf6+ Kh7 48.e7 c5
49.Kf2 Rhg8 50.Kf3 Rae8 51.Qh4+ Kg7 52.Qf6+ Kh7 53.Qf7+ Kh6 54.Ke4 c4 55.bxc4 a4
56.Kd3 Ra8 57.Kc2 Rgb8 58.Kb2 b3 59.a3 Rg8 60.c5 Rac8 61.c6 Rge8 62.Qe6 Kg7
63.Kc3 Rb8 64.c7 Rbc8 65.Qd7 Ra8 66.Kd3 Kf7 67.Qd6 Kg7 68.Qb6 Kh7 69.Kd4 Rac8
70.f5 gxf5 71.Qe6 b2 72.Qxf5+ Kg7 73.Kd5 b1=Q 74.Qxb1 Rxe7 75.Qg1+ Kf8 76.Qf2+ Ke8
77.Qh4 Rexc7 78.Qxa4+ Ke7 79.Qh4+ Ke8 80.Ke6 Rc6+ 81.Kf5 Rc1 82.Qf4 R8c4
83.Qf3 Ke7 84.a4 R4c3 85.Qb7+ Rc7 86.Qf3 R1c5 87.Qg3 Kf8 88.Qh3 Rf7+ 89.Ke4 Rc4+
90.Kd5 Rxa4 91.Qc8+ Kg7 92.Qc3 Rd7+ 93.Ke6 Rda7 94.Qg3+ Kf8 95.Qf3+ Kg7 96.Qf6+ Kg8
97.Qg6+ Kf8 98.Qh6+ Kg8 99.Qg6+  1/2-1/2

[Event "EY Boys U16 2012"]
[Site "Prague CZE"]
[Date "2012.08.24"]
[Round "8.14"]
[White "Mirzoev,E"]
[Black "Melzer,Patrik"]
[Result "1-0"]
[WhiteElo "2241"]
[BlackElo "2108"]

1.Nf3 d5 2.c4 c6 3.b3 Nf6 4.Bb2 Bf5 5.d3 Nbd7 6.Nbd2 h6 7.g3 e6 8.Bg2 a5
9.a3 c5 10.O-O Bh7 11.cxd5 Nxd5 12.Rc1 f6 13.d4 Be7 14.e4 Nc7 15.Qe2 O-O
16.Rfd1 cxd4 17.Nxd4 Bc5 18.Nf1 Qe7 19.Nb5 Na6 20.Ne3 Bxe3 21.Qxe3 Rac8 22.f4 Rxc1
23.Rxc1 Ndc5 24.Bd4 b6 25.e5 fxe5 26.Bxe5 Rd8 27.Nd4 Qf7 28.h4 Qg6 29.Nc6 Qd3
30.Qe1 Rd7 31.b4 axb4 32.axb4 Nb3 33.Rc3 Qd1 34.Qxd1 Rxd1+ 35.Kh2 Rd3 36.Bf1 Rxc3
37.Bxc3 Nc7 38.Bc4 Nc1 39.Be5 b5 40.Bf1 Nd5 41.Bxb5 Na2 42.Bd6 Be4 43.Bc4 Nac3
44.Nd4 Kf7 45.Bb3 Bd3 46.h5 Nb5 47.Nxb5 Bxb5 48.Bc2 Be2 49.Bg6+ Kg8 50.Kh3 Nf6
51.Kh4 Ng4 52.Be8 Nh2 53.g4 Nxg4 54.b5 Ne3 55.Bc5 Nc4 56.Kg3 Na5 57.Kf2 Bc4
58.Bb4 Nb7 59.Ke3 Bd5 60.Kd4 Nd8 61.Ba3 Bf3 62.Be7 Nb7 63.Bc6 Bxc6 64.bxc6 Na5
65.Kc5 Nxc6 66.Kxc6 Kf7 67.Kd6 g6 68.hxg6+ Kxg6 69.Kxe6 h5 70.f5+ Kh6 71.f6 h4
72.f7  1-0

[Event "EY Boys U14 2012"]
[Site "Prague CZE"]
[Date "2012.08.24"]
[Round "8.11"]
[White "Christiansen,Johan-Sebastian"]
[Black "Artemiev,V"]
[Result "0-1"]
[WhiteElo "2073"]
[BlackElo "2476"]

1.Nf3 d5 2.c4 d4 3.g3 Nc6 4.Bg2 e5 5.d3 Nf6 6.O-O Nd7 7.e3 Be7 8.exd4 exd4
9.Nbd2 Nc5 10.Nb3 Ne6 11.Re1 O-O 12.Rb1 Bf6 13.Nfd2 a5 14.Ne4 Be7 15.f4 a4
16.Na1 g6 17.Nc2 Ng7 18.b4 axb3 19.axb3 Nb4 20.Nxb4 Bxb4 21.Bd2 Bxd2 22.Qxd2 Nf5
23.Qb2 Ra6 24.b4 h5 25.b5 Re6 26.Bh3 Rfe8 27.Qf2 b6 28.Bxf5 gxf5 29.Ng5 Re3
30.Rxe3 Rxe3 31.Re1 f6 32.Nf3 Rxd3 33.Nh4 Qd7 34.Ng6 Bb7 35.g4 Re3 36.Rxe3 dxe3
37.Qxe3 hxg4 38.Nh4 Be4 39.Qc3 Qd6 40.h3 Qxf4 41.Ng6 Qg5 42.Ne7+ Kf7 43.h4 Qxh4
44.Nd5 g3  0-1

[Event "24th Schlosspark Open"]
[Site "Wiesbaden GER"]
[Date "2012.08.24"]
[Round "3.49"]
[White "Gentner,M"]
[Black "Diener,Carolin Valeria"]
[Result "1-0"]
[WhiteElo "2026"]
[BlackElo "1739"]

1.Nf3 d5 2.c4 e6 3.b3 Nf6 4.g3 Be7 5.Bg2 O-O 6.O-O c5 7.Bb2 Nc6 8.d3 b6 9.Nbd2 Bb7
10.a3 Rb8 11.Rc1 Ne8 12.cxd5 exd5 13.e4 d4 14.Ne1 Nc7 15.f4 Re8 16.f5 Ne5
17.Ndf3 Bd6 18.Nxe5 Bxe5 19.Qh5 Ba6 20.Rf3 Re7 21.g4 Qd6 22.Rc2 Bf4 23.Bc1 Nd5
24.g5 Ne3 25.Rcf2 Nxg2 26.Bxf4 Nxf4 27.Rxf4 h6 28.Rg4 hxg5 29.Qxg5 f6 30.Qg6 Rf7
31.Rfg2 Rbb7 32.Rh4 Kf8 33.e5 Qxe5 34.Re4 Qd6 35.Qh7 Qe5 36.Rxe5 fxe5 37.Qh8+ Ke7
38.Rxg7  1-0

[Event "24th Schlosspark Open"]
[Site "Wiesbaden GER"]
[Date "2012.08.24"]
[Round "3.47"]
[White "Seifert,N"]
[Black "Bratmann,Marc"]
[Result "0-1"]
[WhiteElo "2028"]
[BlackElo "1746"]

1.Nf3 d5 2.c4 c6 3.e3 Nf6 4.Nc3 e6 5.b3 a6 6.Be2 b5 7.O-O Be7 8.Bb2 Nbd7
9.cxd5 cxd5 10.d4 O-O 11.Rc1 Bb7 12.Rc2 Rc8 13.Qb1 Rc6 14.Bd3 Qb8 15.Rfc1 Rfc8
16.Ne5 Nxe5 17.dxe5 Ng4 18.Ne2 Nxe5 19.Bxh7+ Kh8 20.Rxc6 Rxc6 21.Rxc6 Bxc6
22.Nd4 Be8 23.Qc2 Bd7 24.f4 Ng4 25.Qe2 Nf6 26.Bb1 Qb6 27.h3 Kg8 28.Nf3 Bd6
29.Ne5 Qa7 30.Qd2 Bc5 31.Bd4 Bxd4 32.Qxd4 Qxd4 33.exd4 Be8 34.Kf2 Ne4+ 35.Bxe4 dxe4
36.g4 f6  0-1

[Event "11th Lichtenberger Sommer 2012"]
[Site "Berlin GER"]
[Date "2012.08.25"]
[Round "8.100"]
[White "Theilig,Reinhard"]
[Black "Meinicke,Kurt"]
[Result "1-0"]
[WhiteElo "1722"]
[BlackElo "1547"]

1.Nf3 d5 2.c4 d4 3.d3 Nc6 4.g3 e5 5.Nbd2 Bb4 6.Bg2 Nf6 7.O-O O-O 8.a3 Bxd2
9.Nxd2 Qd6 10.b4 Ng4 11.Ne4 Qg6 12.h3 f5 13.Nc5 Nf6 14.b5 Nd8 15.e3 e4 16.exd4 b6
17.Nb3 Re8 18.Be3 Ne6 19.Qd2 Nf8 20.d5 h5 21.Bf4 N8h7 22.Rfe1 Re7 23.Nd4 Ne8
24.dxe4 fxe4 25.Bxe4 Rxe4 26.f3 Rxe1+ 27.Rxe1 Bxh3 28.Nc6 Kf8 29.Ne7 Qf7
30.Qd3 g5 31.Ng6+ Kg7 32.Re7 Qxe7 33.Nxe7 gxf4 34.Qg6+ Kf8 35.Qxh7 Ng7 36.Qh8+ Kxe7
37.Qxa8 fxg3 38.Qg8 Kf6 39.Qf8+ Kg6 40.Qe7 Nf5 41.Qe8+ Kg5 42.Qd7 Kf4 43.Qxc7+ Kxf3
44.Qe5 Kg4 45.d6 Nh4 46.Qe6+ Nf5 47.d7 Kf4 48.d8=Q  1-0

[Event "11th Lichtenberger Sommer 2012"]
[Site "Berlin GER"]
[Date "2012.08.25"]
[Round "8.1"]
[White "Wendt,J"]
[Black "Rabiega,R"]
[Result "1/2-1/2"]
[WhiteElo "2357"]
[BlackElo "2505"]

1.Nf3 d5 2.c4 dxc4 3.e3 Be6 4.Ng5 Bd5 5.e4 Bc6 6.Bxc4 e6 7.d3 Be7 8.Qg4 Nf6
9.Qh3 Qd7 10.Nc3 b5 11.Bb3 Na6 12.Be3 Nc5  1/2-1/2

[Event "ZMDI Open A 2012"]
[Site "Dresden GER"]
[Date "2012.08.25"]
[Round "8"]
[White "Juergens,Kl"]
[Black "Zeberski,J"]
[Result "1/2-1/2"]
[WhiteElo "2170"]
[BlackElo "2380"]

1.Nf3 d5 2.c4 e6 3.g3 Nf6 4.Bg2 Be7 5.O-O O-O 6.b3 c5 7.Bb2 Nc6 8.e3 b6 9.Nc3 Bb7
10.cxd5 Nxd5 11.Nxd5 Qxd5 12.d4 Rad8 13.Ne5 Qd6 14.dxc5 Qxc5 15.Qe2 Nxe5
16.Bxb7 Bf6 17.Rac1 Qa5 18.Rc2 Rd7 19.Be4 Ng6 20.Bxf6 gxf6 21.Bxg6 hxg6 22.Rd1 Rfd8
23.Rxd7 Rxd7 24.Rc4 Kg7 25.Rc2 Qd5 26.e4 Qe5 27.Kg2 b5 28.f3 a5 29.Rd2 Rb7
30.Qd3 a4 31.Qd4 axb3 32.Qxe5 fxe5 33.axb3 Rc7 34.b4 Rc3 35.Rb2 f5 36.exf5 gxf5
37.Kf2 Kf6 38.Ke2 Kg5 39.Kf2 Rc4 40.Ke3 e4 41.Rb3 exf3 42.Kxf3 e5 43.h3 e4+
44.Ke3 Rc8 45.g4 Rh8 46.Kd4 fxg4 47.hxg4 Kf4 48.Rb1 Rd8+ 49.Kc5 e3 50.Kxb5 e2
51.Re1 Re8 52.Kc6 Kxg4 53.b5 Kf3 54.b6 Kf2 55.Rxe2+ Kxe2 56.b7 Kd3 57.Kc7 Kc4
58.b8=Q  1/2-1/2

[Event "12th World Uni Men"]
[Site "Guimaraes POR"]
[Date "2012.08.25"]
[Round "9.6"]
[White "Czarnota,P"]
[Black "Wyss,J"]
[Result "1-0"]
[WhiteElo "2535"]
[BlackElo "2236"]

1.Nf3 d5 2.c4 e6 3.e3 c5 4.cxd5 exd5 5.d4 Nf6 6.Nc3 a6 7.Be2 Nc6 8.O-O Be7
9.b3 O-O 10.dxc5 Bxc5 11.Bb2 Ba7 12.Rc1 Bg4 13.Na4 Qe7 14.Bxf6 Qxf6 15.Qxd5 Rad8
16.Qe4 Bf5 17.Qh4 Qxh4 18.Nxh4 Bd3 19.Bxd3 Rxd3 20.Nf3 Nb4 21.Rc7 Rb8 22.Ra1 Nxa2
23.Ne1 Rd2 24.Rc2 Rxc2 25.Nxc2 b5 26.Rxa2 bxa4 27.b4 a5 28.Rxa4 axb4 29.Rxb4 Rc8
30.Rb2 h5 31.g3 Bc5 32.Kg2 g6 33.Ne1 Be7 34.Nd3 Bd6 35.Kf3 Kg7 36.Rb7 Rc3
37.Ke4 Rc2 38.Rd7 Bb8 39.Rb7 Bd6 40.Rb2 Rc7 41.Rb6 Be7 42.Kf3 Ra7 43.e4 Ra3
44.Ke2 Ra2+ 45.Rb2 Ra4 46.Ke3 Ra7 47.f4 Ba3 48.Rc2 Be7 49.e5 Bf8 50.h3 Be7
51.g4 hxg4 52.hxg4 Kf8 53.Rc4 Kg7 54.Ke4 Bf8 55.f5 gxf5+ 56.gxf5 Ba3 57.Nf4 Rb7
58.f6+ Kh7 59.Kf5 Bb2 60.Nh3 Rb8 61.Ng5+ Kg8 62.Rc7 Rf8 63.Rc2 Rb8 64.Rc7 Rf8
65.Rb7 Ba1 66.Ne4 Re8 67.Re7 Rf8 68.Rd7 Re8 69.e6 fxe6+ 70.Kg6 Kf8 71.Rh7 Bxf6
72.Rf7+  1-0

[Event "EY Boys U16 2012"]
[Site "Prague CZE"]
[Date "2012.08.25"]
[Round "9.40"]
[White "Binder,Mo"]
[Black "Dereshki,D"]
[Result "0-1"]
[WhiteElo "1986"]
[BlackElo "1938"]

1.Nf3 d5 2.c4 c6 3.e3 Nf6 4.Nc3 a6 5.b3 Bg4 6.Be2 e6 7.O-O Bd6 8.Bb2 Nbd7
9.d4 O-O 10.Qc2 dxc4 11.bxc4 e5 12.Rfd1 Qe7 13.d5 e4 14.Nd4 c5 15.Nb3 Qe5
16.Bxg4 Qxh2+ 17.Kf1 Nxg4 18.Qxe4 Qh4 19.Qf5 g6 20.Qc2 Rae8 21.Re1 Qh1+ 22.Ke2 Qxg2
23.Nd1 Bg3 24.Rf1 Nh2 25.Re1 Bxf2 26.Nxf2 Ng4 27.Kd3 Nxf2+ 28.Kc3 Qg3 29.Qe2 Qe5+
30.Kc2 Qe4+ 31.Kd2 Ng4 32.Qd3 f5 33.Na5 Qxd3+ 34.Kxd3 Nde5+ 35.Kc3 b6 36.Nc6 Nxc6
37.dxc6 Nxe3 38.Kd3 f4 39.Bc1 Rd8+ 40.Ke4  0-1

[Event "14th Sants Open A"]
[Site "Barcelona ESP"]
[Date "2012.08.26"]
[Round "10.16"]
[White "Hungaski,R"]
[Black "Sowray,P"]
[Result "1/2-1/2"]
[WhiteElo "2486"]
[BlackElo "2375"]

1.Nf3 d5 2.c4 c6 3.d4 Nf6 4.Nc3 dxc4 5.e3 b5 6.a4 b4 7.Na2 a5 8.Bxc4 Bf5
9.Ne5 e6 10.f3 Nfd7 11.Nxd7 Nxd7 12.e4 Bg6 13.Be3 Bd6 14.Nc1 O-O 15.Nd3 e5
16.Rc1 Qb6 17.Nc5 Rfd8 18.Nb3 exd4 19.Bxd4 Qb8 20.h4 Bg3+ 21.Bf2 Nf6 22.Qc2 Nh5
23.Rh3 Qf4 24.Bxg3 Nxg3 25.Qf2 Nh5 26.Kf1 Qe5 27.g3 Nf6 28.g4 h5 29.g5 Ne8
30.Qh2 Qe7 31.Qf2 Nd6 32.Qc5 Qd7 33.Rh1 Nxc4 34.Qxc4 Qd6 35.Kf2 Qf4 36.Rce1 Kh7
37.Re2 f6 38.gxf6 gxf6 39.Qc1 Qd6 40.Nc5 Qe5 41.f4 Qe7 42.Qe3 Bf7 43.Rg1 Rg8
44.Ree1 Rad8 45.Kf3 Be6 46.f5 Bc4 47.b3 Bf7 48.Rxg8 Rxg8 49.Rg1 Rd8 50.Rg3 Qe5
51.Qg1 Kh8 52.Qe3 Kh7 53.Qg1 Kh8 54.Qe3 Kh7  1/2-1/2

[Event "11th Lichtenberger Sommer 2012"]
[Site "Berlin GER"]
[Date "2012.08.26"]
[Round "9.18"]
[White "Pueschel,W"]
[Black "Dimitrijeski,K"]
[Result "1/2-1/2"]
[WhiteElo "2121"]
[BlackElo "2165"]

1.Nf3 d5 2.c4 c6 3.e3 Nf6 4.Nc3 a6 5.b3 g6 6.Bb2 Bg7 7.Qc2 Bf5 8.Bd3 Bxd3
9.Qxd3 O-O 10.Qc2 Nbd7 11.d4 b5 12.O-O Rc8 13.c5 e5 14.dxe5 Ng4 15.Ne2 Qe7
16.Rac1 Ngxe5 17.Nxe5 Nxe5 18.Bd4 f5 19.h3 Nd7 20.Bxg7 Qxg7 21.Nd4 Qf6 22.g3 Rfe8
23.Kg2 Nf8 24.Rfd1 Ne6 25.Qc3 Nxd4 26.Rxd4 Qd8 27.Rh4 Re4 28.Rxe4 fxe4 29.Qe5 Qd7
30.a4 b4 31.Qd6 Rd8 32.Qxd7 Rxd7 33.Rd1 Kf7 34.Rd4 a5 35.Kg1 Kf6 36.Kg2 Ke5
37.Kg1 g5 38.Kg2 Rf7 39.Kg1 h5 40.Kg2 Rf3 41.Rd2 Rf7 42.Rd4 h4 43.g4 Rf3
44.Rd2 Rf7  1/2-1/2

[Event "37th Trade Fair Open A"]
[Site "Brno CZE"]
[Date "2012.08.26"]
[Round "2"]
[White "Ganaus,H"]
[Black "Veznik,Michael"]
[Result "1-0"]
[WhiteElo "2318"]
[BlackElo "1846"]

1.Nf3 d5 2.c4 e6 3.g3 c6 4.b3 Qf6 5.d4 Bb4+ 6.Bd2 Bxd2+ 7.Nbxd2 Nd7 8.Bg2 Nh6
9.O-O O-O 10.Rc1 Nf5 11.e3 Re8 12.Qc2 e5 13.dxe5 Nxe5 14.Nxe5 Qxe5 15.cxd5 cxd5
16.Nf3 Qf6 17.Qc3 Qa6 18.Qb2 Bd7 19.Rfd1 Bc6 20.Nd4 Nd6 21.Rc2 Rac8 22.Rdc1 Ne4
23.Nf5 f6 24.f3 Ng5 25.Nd6 Qb6 26.Qd4 Qxd4 27.exd4 Ne6 28.Nxc8 Nxd4 29.Nxa7 Ne2+
30.Kf2 Nxc1 31.Rxc1 Kf7 32.Nxc6 bxc6 33.Rxc6  1-0

[Event "III Sarkany-Aranytiz IM"]
[Site "Budapest HUN"]
[Date "2012.08.26"]
[Round "9.3"]
[White "Szekeres,R"]
[Black "Brustkern,J"]
[Result "1/2-1/2"]
[WhiteElo "2337"]
[BlackElo "2235"]

1.Nf3 d5 2.c4 c6 3.g3 Nf6 4.Bg2 dxc4 5.O-O Nbd7 6.Na3 Nb6 7.Ne5 Qd4 8.Nxc6 bxc6
9.Bxc6+ Bd7 10.Bxa8 Nxa8 11.Rb1 Nb6 12.b3 Bh3 13.bxc4 Bxf1 14.Qxf1 e5 15.e3 Qd7
16.d4 Bxa3 17.Bxa3 Qa4 18.Bd6 exd4 19.Qg2 Nxc4 20.Bc5 Nb6 21.exd4 Nfd5 22.Qe4+ Kd8
23.Qe5 Qxa2 24.Rc1 Nd7 25.Qxg7 Re8 26.Qxf7 Qd2 27.Rf1 Nc3 28.Qxh7  1/2-1/2

[Event "ZMDI Open A 2012"]
[Site "Dresden GER"]
[Date "2012.08.26"]
[Round "9.5"]
[White "Nabaty,T"]
[Black "Oleksienko,M"]
[Result "1-0"]
[WhiteElo "2590"]
[BlackElo "2535"]

1.Nf3 d5 2.c4 c6 3.e3 Nf6 4.Nc3 Bg4 5.h3 Bxf3 6.Qxf3 e6 7.b3 Bd6 8.g4 Nbd7
9.g5 Ne5 10.Qg2 Nfd7 11.f4 Ng6 12.h4 Ne7 13.Bb2 Rg8 14.cxd5 Nxd5 15.Nxd5 exd5
16.Bd3 g6 17.O-O-O Qe7 18.Kb1 a5 19.e4 d4 20.e5 Bc5 21.Rhe1 O-O-O 22.Qh3 Kb8
23.e6 fxe6 24.Rxe6 Qf7 25.f5 gxf5 26.Qxf5 Qxf5 27.Bxf5 Nf8 28.Rh6 Rg7 29.d3 Rf7
30.Be4 Kc7 31.h5 Rg7 32.Bc1 Be7 33.g6 hxg6 34.hxg6 Re8 35.Rh8 Bf6 36.Rf1 Rxe4
37.Rxf8  1-0

[Event "Havirov Open 2012"]
[Site "Havirov CZE"]
[Date "2012.08.27"]
[Round "3.1"]
[White "Zabystrzan,P"]
[Black "Lys,J"]
[Result "1/2-1/2"]
[WhiteElo "2289"]
[BlackElo "2152"]

1.Nf3 d5 2.c4 c6 3.e3 g6 4.Nc3 Bg7 5.d4 Nf6 6.Be2 O-O 7.O-O Ne4 8.Qb3 dxc4
9.Bxc4 Nd6 10.Be2 Bf5 11.Rd1 Qb6 12.Qxb6 axb6 13.b3 b5 14.Bb2 b4 15.Na4 Nd7
16.Ne5 Bxe5 17.dxe5 Nc8 18.e4 Be6 19.Rdc1 Ra5 20.Bd4 Rd8 21.f4 h5 22.Be3 Ra8
23.Nb2 b6 24.Rxc6 Bxb3 25.Nd3 Rxa2 26.Rxa2 Bxa2 27.Nxb4 Be6 28.Rc7 Nc5 29.Nc6 Re8
30.Nd4 Ba2 31.Nc6 Kg7 32.Nb4 Bb1 33.Nd5 Bxe4 34.Nc3 Ba8 35.Bxc5 bxc5 36.Rxc5 Nb6
37.Rb5 Rc8 38.Rxb6 Rxc3 39.Kf2 Rc2 40.g3 Bd5 41.Rb4 Be6 42.Re4 h4 43.Re3 h3
44.Rd3 Bg4 45.Re3 Kh6 46.Ke1 Kh5 47.Bxg4+ Kxg4 48.Re2 Rc1+ 49.Kf2 Rh1 50.Ke3 Rg1
51.Rf2 Rg2 52.Ke2 g5 53.e6 f6 54.fxg5 Rxf2+ 55.Kxf2 Kxg5 56.Ke3 Kf5 57.Kf3 Kxe6
58.Kg4 f5+ 59.Kxh3 Kf6  1/2-1/2

[Event "40th Olympiad Women"]
[Site "Istanbul TUR"]
[Date "2012.08.28"]
[Round "1.12"]
[White "Maisuradze,N"]
[Black "Roy,Ali"]
[Result "1-0"]
[WhiteElo "2284"]
[BlackElo "1836"]

1.Nf3 d5 2.c4 c6 3.e3 Nf6 4.Nc3 e6 5.b3 Nbd7 6.Bb2 Be7 7.Qc2 O-O 8.Rg1 e5
9.cxd5 cxd5 10.Be2 Qc7 11.Rc1 Nb6 12.Nxd5 Nfxd5 13.Qxc7 Nxc7 14.Rxc7 Bd6
15.Rc1 Re8 16.e4 Bd7 17.g4 a5 18.a3 Bc6 19.d3 Nd7 20.Nd2 Nc5 21.Rc2 Bb5 22.Rg3 Rad8
23.d4 exd4 24.Bxb5 Bxg3 25.Bxe8 Nd3+ 26.Kf1 Bxh2 27.Bb5 Ne5 28.Bxd4 Nxg4
29.Bb6 Ra8 30.Bd7 Nf6 31.Rc8+ Rxc8 32.Bxc8 Bf4 33.Nc4 Nxe4 34.Bxb7 Nd2+ 35.Nxd2 Bxd2
36.Bc5 h5 37.b4 axb4 38.Bxb4 Bf4 39.a4 Bb8 40.a5 Ba7 41.Bd2 f6 42.Be3 Bb8
43.a6 g5 44.a7 Bxa7 45.Bxa7 Kg7 46.Be4 Kf8 47.Bc5+ Kf7 48.Bf5 g4 49.Kg2 Kg7
50.Kg3 Kh6 51.Kh4  1-0

[Event "8th Dieppe Open A 2012"]
[Site "Dieppe FRA"]
[Date "2012.08.29"]
[Round "5.6"]
[White "Chabanon,JL"]
[Black "Klein,Fe"]
[Result "1/2-1/2"]
[WhiteElo "2470"]
[BlackElo "2310"]

1.Nf3 d5 2.c4 e6 3.g3 dxc4 4.Qa4+ Nd7 5.Qxc4 a6 6.Bg2 b5 7.Qc2 Bb7 8.O-O c5
9.b3 Ngf6 10.Bb2 Be7 11.d3 O-O 12.Nbd2 Rc8 13.Rac1 Qb6 14.Qb1 Rfd8 15.Rc2 Qa7
16.Rfc1 Nd5 17.e3 N5f6 18.Qa1 Ne8 19.Bc3 a5 20.a4 b4 21.Bb2 f6 22.Nc4 e5
23.Nh4 Bxg2 24.Nxg2 Nd6 25.Nxd6 Bxd6 26.e4 Qa6 27.Ne3 Nf8 28.Rc4 Ne6 29.R1c2 Bf8
30.Qf1 Rd7 31.Ng2 Rcd8 32.Ne1 Qd6 33.Bc1 Nd4 34.Rb2 Qe6 35.Be3 g6 36.f3 h5
37.Kg2 Kh7 38.Qf2 Qe7 39.Bxd4 Rxd4 40.Rbc2 Qe6 41.Rxd4 Rxd4 42.Rb2 Qd7 43.f4 exf4
44.Qxf4 f5 45.Rf2 Bh6 46.Qe5 fxe4 47.dxe4 Qb7 48.Re2 Bg7 49.Qxc5 Rxe4  1/2-1/2

[Event "40th Olympiad Women"]
[Site "Istanbul TUR"]
[Date "2012.08.29"]
[Round "2.8"]
[White "Collas,S"]
[Black "Toro Pradenas,M"]
[Result "1-0"]
[WhiteElo "2261"]
[BlackElo "2040"]

1.Nf3 d5 2.c4 c6 3.e3 Nf6 4.Nc3 a6 5.Qc2 e6 6.b3 Bd6 7.Bb2 O-O 8.Be2 e5 9.c5 Bc7
10.Na4 Nbd7 11.h3 Qe7 12.b4 Rb8 13.a3 Ne4 14.d4 Ng5 15.dxe5 Nxe5 16.Nb6 Ne4
17.Nxc8 Rbxc8 18.Bd4 f5 19.Qb2 Nd7 20.g3 Rce8 21.Rd1 Ndf6 22.Bd3 Nxf2 23.Qxf2 Ne4
24.Qg2 Bxg3+ 25.Ke2 f4 26.Rdf1 g6 27.h4 fxe3 28.Rh3 Bc7 29.Rg1 Nf2 30.Bxg6 Nxh3
31.Bxe8+ Ng5 32.Qxg5+  1-0

[Event "40th Olympiad Women"]
[Site "Istanbul TUR"]
[Date "2012.08.29"]
[Round "2.24"]
[White "Danielian,E"]
[Black "Hund,B"]
[Result "1-0"]
[WhiteElo "2476"]
[BlackElo "2211"]

1.Nf3 d5 2.c4 c6 3.e3 Nf6 4.Nc3 a6 5.b3 Bf5 6.Bb2 e6 7.Be2 h6 8.O-O Be7 9.d3 O-O
10.h3 Bh7 11.a3 c5 12.Rc1 Nc6 13.cxd5 exd5 14.Na4 Nd7 15.d4 cxd4 16.Nxd4 Nxd4
17.Qxd4 Nf6 18.Rfd1 Qd6 19.Nb6 Rad8 20.b4 Qe6 21.Bg4 Bf5 22.Bxf5 Qxf5 23.Qe5 Qxe5
24.Bxe5 Nd7 25.Nxd5 Nxe5 26.Nxe7+ Kh7 27.Nd5 Rc8 28.Nb6 Rxc1 29.Rxc1 Rd8
30.f4 Nc6 31.Rc3 f5 32.Kf2 Rd2+ 33.Kf3 h5 34.Na4 Ra2 35.Nc5 Na7 36.Rd3 b6
37.Ne6 Nb5 38.Rd7 Rxa3 39.Ng5+ Kg6 40.Re7 Kh6 41.Re6+ g6 42.Re7  1-0

[Event "19th Graz Open 2012"]
[Site "Graz AUT"]
[Date "2012.08.30"]
[Round "6.7"]
[White "Jetzl,J"]
[Black "Gruskovnjak,T"]
[Result "0-1"]
[WhiteElo "2209"]
[BlackElo "2384"]

1.Nf3 d5 2.c4 dxc4 3.e3 a6 4.Bxc4 e6 5.d4 c5 6.a4 Nc6 7.O-O Nf6 8.Qe2 Qc7
9.Rd1 Bd6 10.dxc5 Bxc5 11.b3 O-O 12.Bb2 e5 13.Nc3 e4 14.Ng5 Bg4 15.f3 exf3
16.gxf3 Rae8 17.Kg2 Rxe3 18.Qc2 Qf4 19.fxg4 Qxg5 20.Qf5 Qh4 21.Rd2 Nxg4 22.Kh1 Re1+
23.Bf1 Re5 24.Qf3 Nd4 25.Qh3 Nf2+ 26.Rxf2 Qxf2 27.Bd3 Re1+ 28.Rxe1 Qxe1+
29.Kg2 f5  0-1

[Event "World Youth U16 Olympiad 2012"]
[Site "Istanbul TUR"]
[Date "2012.08.30"]
[Round "2.9"]
[White "Harutyunian,T"]
[Black "Koksal,E"]
[Result "1-0"]
[WhiteElo "2308"]
[BlackElo "2198"]

1.Nf3 d5 2.c4 c6 3.e3 Nf6 4.Nc3 g6 5.d4 Bg7 6.h3 O-O 7.Bd3 dxc4 8.Bxc4 Nbd7
9.O-O Qc7 10.b3 h6 11.Qc2 Nb6 12.e4 Nxc4 13.bxc4 Be6 14.Ne2 Ne8 15.Bf4 Qc8
16.Rac1 g5 17.Bg3 Nd6 18.Qd3 f5 19.exf5 Bxf5 20.Qb3 Ne4 21.Qe3 Qe6 22.Be5 Nd6
23.Ng3 Bg6 24.Rfe1 Rae8 25.Qa3 Qf7 26.Bxg7 Kxg7 27.Qb2 Qf6 28.c5 Nb5 29.a4 Nc7
30.Ne5 Rd8 31.Nxg6 Kxg6 32.Qc2+ Kf7 33.Nh5 Qh8 34.Qf5+  1-0

[Event "40th Olympiad Open"]
[Site "Istanbul TUR"]
[Date "2012.08.30"]
[Round "3.32"]
[White "Adly,A"]
[Black "Lim Yee Weng"]
[Result "0-1"]
[WhiteElo "2602"]
[BlackElo "2287"]

1.Nf3 d5 2.c4 c6 3.d4 Nf6 4.Nc3 e6 5.Bg5 dxc4 6.e4 b5 7.e5 h6 8.Bh4 g5 9.Nxg5 hxg5
10.Bxg5 Nbd7 11.exf6 Bb7 12.g3 c5 13.d5 Ne5 14.f4 Bxd5 15.fxe5 Bxh1 16.Nxb5 Qa5+
17.Nc3 Rxh2 18.Bxc4 Bc6 19.Qb3 O-O-O 20.Rc1 Rd4 21.Kf1 Bh6 22.Bxe6+ fxe6
23.Qxe6+ Kb7 24.Qb3+ Kc7 25.Bxh6 Qa6+ 26.Kg1 Rh1+ 27.Kf2 Rh2+ 28.Ke1 Re4+  0-1

[Event "World Youth U16 Olympiad 2012"]
[Site "Istanbul TUR"]
[Date "2012.08.30"]
[Round "3.10"]
[White "Szotkowski,J"]
[Black "Abramciuc,Marius"]
[Result "1-0"]
[WhiteElo "2109"]
[BlackElo "1990"]

1.Nf3 d5 2.c4 e6 3.d4 f5 4.Nc3 Nf6 5.Bg5 c6 6.e3 Be7 7.Be2 O-O 8.O-O b6 9.Ne5 Bb7
10.Qa4 h6 11.Bh4 g5 12.Bg3 Kg7 13.Rac1 Qe8 14.cxd5 exd5 15.f3 Bd6 16.e4 f4
17.Bf2 dxe4 18.Nxe4 Nxe4 19.fxe4 Bxe5 20.dxe5 c5 21.Qxe8 Rxe8 22.b4 Rxe5
23.bxc5 bxc5 24.Bxc5 Nc6 25.Rfd1  1-0

[Event "37th Trade Fair Open A"]
[Site "Brno CZE"]
[Date "2012.08.31"]
[Round "7"]
[White "Talla,V"]
[Black "Straka,V"]
[Result "1/2-1/2"]
[WhiteElo "2385"]
[BlackElo "2286"]

1.Nf3 d5 2.c4 c6 3.e3 Nf6 4.Nc3 e6 5.b3 Nbd7 6.Qc2 Bd6 7.Bb2 O-O 8.Rg1 e5
9.cxd5 cxd5 10.Nb5 Qe7 11.Nxd6 Qxd6 12.d4 exd4 13.Bxd4 Ne4 14.Bd3 Ndf6 15.Ke2 Bf5
16.Qb2 Bg6 17.h3 Rac8 18.Rgc1 Nc5 19.Bxg6 hxg6 20.Bxc5 Rxc5 21.Rxc5 Qxc5
22.Rc1 Qb5+ 23.Ke1 Ne4 24.Nd4 Qa6 25.Qe2 Qd6 26.Kf1 a6 27.Kg1 Re8 28.Qc2 Qf6
29.Qb2 Nd6 30.Rc2 Rc8 31.Rxc8+ Nxc8 32.Qc3 Nd6 33.Qc7 Ne4 34.f3 Nd6 35.Qc5 Nf5
36.Qc8+ Kh7 37.Nxf5 gxf5 38.Qxb7 Qa1+ 39.Kh2 Qe5+ 40.f4 Qxe3 41.Qxd5 Qxf4+
42.Kg1 Qc1+ 43.Kf2 Qc2+ 44.Kg3 Qc7+ 45.Kf3 g6 46.Qc4 Qb7+ 47.Kf2 Kg7 48.b4 Qb6+
49.Kf1 Qd6 50.Ke2 g5 51.a4 Qe5+ 52.Kf3 Qd6 53.b5 Qd1+ 54.Kf2 Qd2+ 55.Kg1 Qd1+
56.Qf1 Qxa4 57.bxa6 Qa5 58.Qc4 Qb6+ 59.Kh1 Qb1+ 60.Kh2 Qb8+ 61.g3 Qb2+ 62.Kg1 Qd2
63.Kf1 Qe3 64.Kg2 f4 65.gxf4 gxf4 66.Qf1 Kf8 67.Qf2 f3+ 68.Qxf3 Qg5+ 69.Kf2 Qd2+
70.Qe2 Qf4+ 71.Kg1 Qg5+ 72.Kh1 Qc1+ 73.Kh2  1/2-1/2

[Event "40th Olympiad Women"]
[Site "Istanbul TUR"]
[Date "2012.08.31"]
[Round "4.14"]
[White "Mkrtchian,L"]
[Black "Mammadova,G"]
[Result "1-0"]
[WhiteElo "2454"]
[BlackElo "2324"]

1.Nf3 d5 2.c4 c6 3.e3 Nf6 4.d4 e6 5.b3 Bb4+ 6.Nbd2 Ne4 7.Bd3 Nxd2 8.Bxd2 Qa5
9.O-O Nd7 10.Bxb4 Qxb4 11.Qc2 Nf6 12.c5 Qa5 13.Rab1 h6 14.b4 Qc7 15.Ne5 Nd7
16.f4 O-O 17.a4 f5 18.b5 Nxe5 19.fxe5 cxb5 20.axb5 Bd7 21.Ra1 Rfc8 22.Ra2 Qd8
23.Rfa1 a6 24.bxa6 b6 25.Rc1 bxc5 26.dxc5 Qg5 27.Qd2 Qg4 28.Be2 Qg5 29.Rb2 Bc6
30.Qd4 Qe7 31.Rb6 Kh7 32.Rcb1 Be8 33.Rd6 Rc7 34.Rbb6 Bf7 35.c6 Be8 36.Bb5 Rac8
37.Rb7 Qf7 38.g3 g5 39.Qb6 f4 40.exf4 gxf4 41.Rxc7 Rxc7 42.Rd7 Rxd7 43.cxd7 Bxd7
44.Qb7 Qf5 45.Qxd7+ Kg6 46.Qe8+  1-0

[Event "40th Olympiad Women"]
[Site "Istanbul TUR"]
[Date "2012.08.31"]
[Round "4.27"]
[White "Koskoska,G"]
[Black "Greeff,M"]
[Result "1/2-1/2"]
[WhiteElo "2094"]
[BlackElo "2091"]

1.Nf3 d5 2.c4 c6 3.b3 Nf6 4.Bb2 Bg4 5.Ne5 Bh5 6.d4 Nbd7 7.Nd2 e6 8.g3 Qc7
9.Nd3 Be7 10.Bg2 O-O 11.O-O a5 12.Nf4 Bg6 13.Rc1 Qb8 14.Nxg6 hxg6 15.Nf3 a4
16.Qc2 Qc7 17.Ne5 axb3 18.axb3 Ra2 19.Ra1 Rfa8 20.Nd3 Rxa1 21.Rxa1 Rxa1+
22.Bxa1 Qa5 23.Bc3 Qa6 24.c5 Ne8 25.Bf1 Qa7 26.b4 Nc7 27.e3 Nb5 28.Nc1 Bf6
29.f4 Be7 30.Be1 Nc7 31.Bd3 f5 32.Qa2 Qxa2 33.Nxa2 Nf6 34.Nc1 Nb5 35.Nb3 Bd8
36.Bxb5 cxb5 37.Na5 Bxa5 38.bxa5 Ne8 39.Kf1 Nc7 40.Ke2 Kf7 41.Kd3  1/2-1/2